Latin Cases - Statistics

General Stats
  • This quiz has been taken 208 times
  • The average score is 5 of 6
Answer Stats
Hint Answer % Correct
Subjects Nominative
97%
Indirect Objects Dative
93%
Direct Objects Accusative
91%
Location or Moving Away Ablative
89%
Possession Genitive
89%
Direct Address Vocative
80%
No matching quizzes found
Score Distribution
Percent of People with Each Score
Percentile by Number Answered
Your Score History
You have not taken this quiz